Language Quiz

Random Language or Spanish Quiz

Spanish Quiz - En el Restaurante Stats

 Plays Quiz not verified by Sporcle

Also try: NATO Alphablitz
Challenge
Share
Tweet
Embed
Score 0/94 Timer 10:00
0 Plays Today
Spanish English % Correct
El RestauranteRestaurant
100%
La CocinaKitchen
100%
El PlatoPlate
100%
La MesaTable
96.2%
El VasoGlass
92.3%
La EspátulaSpatula
88.5%
El JamónHam
88.5%
El PolloChicken
88.5%
La EnsaladaSalad
88.5%
La MayonesaMayonnaise
88.5%
La ManzanaApple
88.5%
La NaranjaOrange
88.5%
El LimónLemon
88.5%
El panBread
88.5%
La Ensalada CesarCesar Salad
84.6%
La PizzaPizza
84.6%
La LimaLime
84.6%
El TomateTomato
84.6%
El BrócoliBroccoli
84.6%
La HamburguesaHamburger
84.6%
La CucharaSpoon
80.8%
El CuchilloKnife
80.8%
La SillaChair
80.8%
El CocineroCook or Chef
80.8%
La Salsa CatsupKetchup
80.8%
El PlátanoBanana
80.8%
La UvaGrape
80.8%
La PiñaPineapple
80.8%
El EspárragosAsparagus
80.8%
La SopaSoup
80.8%
La Pierna de PolloChicken Leg
76.9%
Papas fritasFrench Fries
76.9%
Spanish English % Correct
La MostazaMustard
76.9%
La FresaStrawberry
76.9%
La PatataPotato
76.9%
El ColiflorCauliflower
76.9%
El MaízCorn
76.9%
El TenedorFork
73.1%
La Carne de CerdoPork
73.1%
La Pechuga de PolloChicken Breast
73.1%
Los RaviolesRavioli
73.1%
La CebollaOnion
73.1%
La LechugaLettuce
73.1%
El PastelCake
72%
El CamareroWaiter
69.2%
La Ensalada GriegaGreek Salad
69.2%
Los EspaguetisSpaghetti
69.2%
La EspinacaSpinach
69.2%
El BistecSteak
65.4%
La ResBeef
65.4%
El ChorizoSausage
65.4%
La SalchichaSausage Link or Hot Dog
65.4%
La Alita de PolloChicken Wing
65.4%
La CamareraWaitress
61.5%
El BarmanBartender
61.5%
La ZanahoriaCarrot
61.5%
El HeladoIce Cream
60%
El PavoTurkey
57.7%
El GuisantePea
57.7%
Los Pimientos RojosRed Peppers
57.7%
La PeraPear
53.8%
El AjoGarlic
53.8%
El ComedorEatery
50%
La GalletaBiscuit (or Cookie)
46.2%
Spanish English % Correct
El Cóctel de CamarónShrimp Cocktail
42.3%
La SandíaWatermelon
42.3%
Champiñones FritosFried Mushrooms
42.3%
El TocinoBacon
34.6%
El EmparedadoSandwich
34.6%
La ColCabbage
30.8%
El ApioCelery
30.8%
El TazónBowl
26.9%
El MelocotónPeach
26.9%
El Panque InglesEnglish Muffin
26.9%
La EntradaAppetizer
23.1%
El PomeloGrapefruit
23.1%
La TartaPie
20%
El MozoBusser or Server
19.2%
El MantelTablecloth
15.4%
Las CostillasRibs
15.4%
La ChuletaChop or Cutlet
15.4%
El ArándanoBlueberry
15.4%
El MolleteMuffin
15.4%
La BayaBerry
11.5%
El PanecilloRoll
11.5%
El BrindisToast
11.5%
La MagdalenaCupcake
8%
La RosquillaBagel
7.7%
La ArrecheraSkirt Steak
3.8%
Los ZapallitosZucchini
3.8%
Los EjotesGreen Beans
3.8%
El BolloScone or Bun
3.8%
La CecinaDried or Smoked Meat
0%
El CuernoCroissant
0%

You're not logged in!

Compare scores with friends on all Sporcle quizzes.
Join for Free
OR
Log In

You Might Also Like...

Show Comments

Extras

Created Apr 30, 2017ReportNominate
Tags:Spanish Quiz, In Spanish

Top Quizzes Today


Score Distribution

Your Account Isn't Verified!

In order to create a playlist on Sporcle, you need to verify the email address you used during registration. Go to your Sporcle Settings to finish the process.

Report this User

Report this user for behavior that violates our Community Guidelines.

Details: